| 000 | 00368nam a2200121Ia 4500 | ||
|---|---|---|---|
| 999 |
_c11879 _d11879 |
||
| 082 | _aRK 0234 | ||
| 100 | _aKumbhar, Rajendra | ||
| 245 | 0 | _aCompilation of a guide to reference sources in social science | |
| 260 |
_c2013 _bIndian Council of Social Science Research, New Delhi |
||
| 300 | _aiii, 422p | ||
| 650 | _aREFERENCE SOURCES - SOCIAL SCIENCES | ||
| 942 |
_cRP _2ddc |
||